LIBRARY & INFORMATION CENTRE, KCAET, TAVANUR

ONLINE PUBLIC ACCESS CATALOGUE (OPAC)

Writers Diary / (Record no. 1115)

MARC details
000 -LEADER
fixed length control field 00349cam a2200145ua 4500
041 ## - LANGUAGE CODE
Language code of text/sound track or separate title eng
082 ## - DEWEY DECIMAL CLASSIFICATION NUMBER
Classification number 920
Item number WOO/WR
100 ## - MAIN ENTRY--AUTHOR NAME
Personal name Woolf, Virginia .
245 ## - TITLE STATEMENT
Title Writers Diary /
260 ## - PUBLICATION, DISTRIBUTION, ETC. (IMPRINT)
Place of publication London :
Name of publisher The Hogarth Press ,
Year of publication 1954.
300 ## - PHYSICAL DESCRIPTION
Number of Pages 372 ; .
942 ## - ADDED ENTRY ELEMENTS (KOHA)
Koha item type Books
Holdings
Withdrawn status Lost status Damaged status Home library Current library Date acquired Cost, normal purchase price Full call number Accession Number Koha item type Public note
Withdrawn     KAUAET Sanskrit University 07/04/2012 21.00 920 7034 Books Transferred to Sanskrit University
free website counter